[Event "Wuerttemberg-ch Seniors 14th"]
[Site "Ellwangen"]
[Date "2002.??.??"]
[Round "5"]
[White "Hoffmann, Harry"]
[Black "Pietrek, Gerhard"]
[Result "1-0"]
[WhiteElo "1637"]
[BlackElo "1640"]
[PlyCount "35"]
[EventDate "2002.03.30"]
[EventType "swiss"]
[EventRounds "9"]
[EventCountry "GER"]
[SourceTitle "EXT 2006"]
[Source "ChessBase"]
[SourceDate "2005.11.24"]
[SourceVersion "1"]
[SourceVersionDate "2005.11.24"]
[SourceQuality "1"]

1. f4 e5 2. e4 exf4 3. Nf3 d6 4. Bc4 Be6 5. Be2 Nf6 6. d3 h6 7. Bxf4 Nc6 8. Nc3 Nh5 9. Be3 Bg4 10. 0-0 Be7 11. Rb1 Nf6 12. Nd2 Bxe2 13. Qxe2 Ne5 14. h3 c6 15. d4 Ng6 16. Nf3 0-0 17. Qd2 Kh7 18. Rfe1 1-0